Educación personalizada (Registro nro. 6311)

Detalles MARC
000 -LEADER
fixed length control field 01228 a2200229 4500
001 - CONTROL NUMBER
control field 57808
005 - DATE AND TIME OF LATEST TRANSACTION
control field 20260407155838.0
008 - FIXED-LENGTH DATA ELEMENTS--GENERAL INFORMATION
fixed length control field 260407a1986 arg spa d
003 - CONTROL NUMBER IDENTIFIER
control field AR-UNSa-BCEJYS
040 ## - CATALOGING SOURCE
Original cataloging agency AR-UNSa-BCEJYS
Language of cataloging spa
Transcribing agency AR-UNSa-BCEJYS
080 ## - UNIVERSAL DECIMAL CLASSIFICATION NUMBER
Universal Decimal Classification number 37.013
Common auxiliary subdivision Teoría general de la educación. Principios de la actividad pedagógica. Pedagogía práctica
020 ## - INTERNATIONAL STANDARD BOOK NUMBER
International Standard Book Number 84-321-2288-2
041 ## - LANGUAGE CODE
Language code of text/sound track or separate title spa
100 1# - MAIN ENTRY--PERSONAL NAME
Personal name García Hoz, Víctor
245 10 - TITLE STATEMENT
Title Educación personalizada
250 ## - EDITION STATEMENT
Edition statement 7a. ed.
264 #1 - PRODUCTION, PUBLICATION, DISTRIBUTION, MANUFACTURE, AND COPYRIGHT NOTICE
Place of production, publication, distribution, manufacture Madrid :
Name of producer, publisher, distributor, manufacturer Ediciones Rialp
Date of production, publication, distribution, manufacture, or copyright notice 1986
300 ## - PHYSICAL DESCRIPTION
Extent 348 p.
Dimensions 22 cm.
505 ## - FORMATTED CONTENTS NOTE
Formatted contents note 1. Personalización educativa – 2. La cultura como expresión y su proyección en el trabajo escolar. La actividad expresiva – 3. El concepto de escuela y de maestro en la educación personalizada – 4. El alumno y las situaciones de aprendizaje – 5. Las variables del programa – 6. Realizaciones de educación personalizada – 7. Fin y objetivos de la educación – 8. Organización – 9. La programación de las actividades escolares – 10. La orientación en las instituciones escolares – 11. El material escolar – 12. Evaluación educativa
590 ## - LOCAL NOTE (RLIN)
Local note niveau_biblio:m niveau_hierar:0
942 ## - ADDED ENTRY ELEMENTS (KOHA)
Koha item type
Existencias
Withdrawn status Lost status Damaged status Not for loan Home library Current library Shelving location Date acquired Total checkouts Full call number Barcode Date last seen Price effective from Koha item type
        Biblioteca Prof. Eusebio Cleto del Rey Biblioteca Prof. Eusebio Cleto del Rey   07/04/2026   37.013 G216 7ed. L128886 07/04/2026 07/04/2026 Libro